<?xml version="1.0" encoding="UTF-8"?>
<record
    xmlns:xsi="http://www.w3.org/2001/XMLSchema-instance"
    xsi:schemaLocation="http://www.loc.gov/MARC21/slim http://www.loc.gov/standards/marcxml/schema/MARC21slim.xsd"
    xmlns="http://www.loc.gov/MARC21/slim">

  <leader>01660    a2200349   4500</leader>
  <datafield tag="999" ind1=" " ind2=" ">
    <subfield code="c">181284</subfield>
    <subfield code="d">181284</subfield>
  </datafield>
  <controlfield tag="005">20210907124415.0</controlfield>
  <datafield tag="010" ind1=" " ind2=" ">
    <subfield code="a">ENG-129884- 93</subfield>
  </datafield>
  <datafield tag="020" ind1=" " ind2=" ">
    <subfield code="c">2950.00 (V.I)</subfield>
    <subfield code="a">978-93-8999-127-7</subfield>
  </datafield>
  <datafield tag="020" ind1=" " ind2=" ">
    <subfield code="c">2950.00(V.II)</subfield>
    <subfield code="a">978-93-8999-131-4</subfield>
  </datafield>
  <datafield tag="020" ind1=" " ind2=" ">
    <subfield code="c">2950.00(V.III)</subfield>
    <subfield code="a">978-93-8999-132-1</subfield>
  </datafield>
  <datafield tag="020" ind1=" " ind2=" ">
    <subfield code="c">2950.00(V.IV)</subfield>
    <subfield code="a">978-93-8999-133-8</subfield>
  </datafield>
  <datafield tag="020" ind1=" " ind2=" ">
    <subfield code="c">2950.00(V.V)</subfield>
    <subfield code="a">978-93-8999-136-9</subfield>
  </datafield>
  <datafield tag="020" ind1=" " ind2=" ">
    <subfield code="c">2950.00(V.VI)</subfield>
    <subfield code="a">978-93-8999-138-3</subfield>
  </datafield>
  <datafield tag="020" ind1=" " ind2=" ">
    <subfield code="c">2950.00(V.VII)</subfield>
    <subfield code="a">978-93-8999-139-0</subfield>
  </datafield>
  <datafield tag="020" ind1=" " ind2=" ">
    <subfield code="c">2950.00(V.VIII)</subfield>
    <subfield code="a">978-93-8999-142-0</subfield>
  </datafield>
  <datafield tag="020" ind1=" " ind2=" ">
    <subfield code="c">2950.00(V.IX)</subfield>
    <subfield code="a">978-93-8999-141-3</subfield>
  </datafield>
  <datafield tag="020" ind1=" " ind2=" ">
    <subfield code="c">2950.00 (V.X)</subfield>
    <subfield code="a">978938999-141-3</subfield>
  </datafield>
  <datafield tag="035" ind1=" " ind2=" ">
    <subfield code="a">EN-113416-25</subfield>
  </datafield>
  <datafield tag="037" ind1=" " ind2=" ">
    <subfield code="b">DBAD /  PUB</subfield>
  </datafield>
  <datafield tag="082" ind1="1" ind2="4">
    <subfield code="a">343.54052</subfield>
  </datafield>
  <datafield tag="100" ind1="1" ind2=" ">
    <subfield code="a">Chaturvedi,K</subfield>
  </datafield>
  <datafield tag="245" ind1="1" ind2=" ">
    <subfield code="a">Income tax law:</subfield>
    <subfield code="c">by K Chaturvedi,S.M. Pithisaria</subfield>
  </datafield>
  <datafield tag="250" ind1=" " ind2=" ">
    <subfield code="a">7th  (Golden jubilee)</subfield>
  </datafield>
  <datafield tag="260" ind1=" " ind2=" ">
    <subfield code="a">Gurgaon</subfield>
    <subfield code="b">LexisNexis</subfield>
    <subfield code="c">2020</subfield>
  </datafield>
  <datafield tag="270" ind1=" " ind2=" ">
    <subfield code="a">14th floor,building no-10,tower-B,DLF cyber city,phase-II</subfield>
    <subfield code="b">Gurgaon</subfield>
    <subfield code="c">Haryana</subfield>
    <subfield code="e">122002</subfield>
    <subfield code="k">911244774444</subfield>
    <subfield code="l">91  1244774100</subfield>
    <subfield code="m">help.in@lexisnexis.com</subfield>
  </datafield>
  <datafield tag="300" ind1=" " ind2=" ">
    <subfield code="a">various pages (vol.1-10)  </subfield>
    <subfield code="c">25cm(hbk)</subfield>
    <subfield code="b">including contents table of cases,stop press and general index</subfield>
  </datafield>
  <datafield tag="500" ind1=" " ind2=" ">
    <subfield code="a">Vol.1(Section 1 to 10)
Vol.2(section 10A to 35E)
Vol.3(section 36 to 50D)
Vol.4(section 51 to 80LA)
Vol.5(section 80M to138)
Vol.6(section 139-158-B1)
Vol.7(section159-219)
Vol.8 (section 220-260B)
Vol.9(Section 261-290)
Vol.10 (section 291-298,Schedules along with IT rules,1962 and Direct tax vivad se vishwas Act and rules,2020)

</subfield>
  </datafield>
  <datafield tag="700" ind1=" " ind2=" ">
    <subfield code="a">Pithisaria,S.M</subfield>
  </datafield>
  <datafield tag="700" ind1=" " ind2=" ">
    <subfield code="a">Pithisaria,M.K</subfield>
  </datafield>
  <datafield tag="700" ind1=" " ind2=" ">
    <subfield code="a">Pithisaria,Mukesh</subfield>
  </datafield>
  <datafield tag="942" ind1=" " ind2=" ">
    <subfield code="a">dpl</subfield>
    <subfield code="c">EN</subfield>
    <subfield code="2">ddc</subfield>
    <subfield code="h">343.54052</subfield>
    <subfield code="m">CHA</subfield>
  </datafield>
  <datafield tag="952" ind1=" " ind2=" ">
    <subfield code="0">0</subfield>
    <subfield code="1">0</subfield>
    <subfield code="3">vol.1</subfield>
    <subfield code="4">0</subfield>
    <subfield code="7">0</subfield>
    <subfield code="8">REF</subfield>
    <subfield code="a">L</subfield>
    <subfield code="b">L</subfield>
    <subfield code="d">2021-09-07</subfield>
    <subfield code="e">DBAD/PUB</subfield>
    <subfield code="g">2950.00</subfield>
    <subfield code="l">0</subfield>
    <subfield code="o">343.54052 CHA</subfield>
    <subfield code="p">EN-113416</subfield>
    <subfield code="r">2021-09-07 00:00:00</subfield>
    <subfield code="t">1</subfield>
    <subfield code="v">2950.00</subfield>
    <subfield code="y">EN</subfield>
  </datafield>
  <datafield tag="952" ind1=" " ind2=" ">
    <subfield code="0">0</subfield>
    <subfield code="1">0</subfield>
    <subfield code="3">vol.2</subfield>
    <subfield code="4">0</subfield>
    <subfield code="7">0</subfield>
    <subfield code="8">REF</subfield>
    <subfield code="a">L</subfield>
    <subfield code="b">L</subfield>
    <subfield code="d">2021-09-07</subfield>
    <subfield code="e">DBAD/PUB</subfield>
    <subfield code="g">2950.00</subfield>
    <subfield code="l">0</subfield>
    <subfield code="o">343.54052 CHA</subfield>
    <subfield code="p">EN-113417</subfield>
    <subfield code="r">2021-09-07 00:00:00</subfield>
    <subfield code="t">1</subfield>
    <subfield code="v">2950.00</subfield>
    <subfield code="y">EN</subfield>
  </datafield>
  <datafield tag="952" ind1=" " ind2=" ">
    <subfield code="0">0</subfield>
    <subfield code="1">0</subfield>
    <subfield code="3">vol.3</subfield>
    <subfield code="4">0</subfield>
    <subfield code="7">0</subfield>
    <subfield code="8">REF</subfield>
    <subfield code="a">L</subfield>
    <subfield code="b">L</subfield>
    <subfield code="d">2021-09-07</subfield>
    <subfield code="e">DBAD/PUB</subfield>
    <subfield code="g">2950.00</subfield>
    <subfield code="l">0</subfield>
    <subfield code="o">343.54052 CHA</subfield>
    <subfield code="p">EN-113418</subfield>
    <subfield code="r">2021-09-07 00:00:00</subfield>
    <subfield code="t">1</subfield>
    <subfield code="v">2950.00</subfield>
    <subfield code="y">EN</subfield>
  </datafield>
  <datafield tag="952" ind1=" " ind2=" ">
    <subfield code="0">0</subfield>
    <subfield code="1">0</subfield>
    <subfield code="3">vol.4</subfield>
    <subfield code="4">0</subfield>
    <subfield code="7">0</subfield>
    <subfield code="8">REF</subfield>
    <subfield code="a">L</subfield>
    <subfield code="b">L</subfield>
    <subfield code="d">2021-09-07</subfield>
    <subfield code="e">DBAD/PUB</subfield>
    <subfield code="g">2950.00</subfield>
    <subfield code="l">0</subfield>
    <subfield code="o">343.54052 CHA</subfield>
    <subfield code="p">EN-113419</subfield>
    <subfield code="r">2021-09-07 00:00:00</subfield>
    <subfield code="t">1</subfield>
    <subfield code="v">2950.00</subfield>
    <subfield code="y">EN</subfield>
  </datafield>
  <datafield tag="952" ind1=" " ind2=" ">
    <subfield code="0">0</subfield>
    <subfield code="1">0</subfield>
    <subfield code="3">vol.5</subfield>
    <subfield code="4">0</subfield>
    <subfield code="7">0</subfield>
    <subfield code="8">REF</subfield>
    <subfield code="a">L</subfield>
    <subfield code="b">L</subfield>
    <subfield code="d">2021-09-07</subfield>
    <subfield code="e">DBAD/PUB</subfield>
    <subfield code="g">2950.00</subfield>
    <subfield code="l">0</subfield>
    <subfield code="o">343.54052 CHA</subfield>
    <subfield code="p">EN-113420</subfield>
    <subfield code="r">2021-09-07 00:00:00</subfield>
    <subfield code="t">1</subfield>
    <subfield code="v">2950.00</subfield>
    <subfield code="y">EN</subfield>
  </datafield>
  <datafield tag="952" ind1=" " ind2=" ">
    <subfield code="0">0</subfield>
    <subfield code="1">0</subfield>
    <subfield code="3">Vol.6</subfield>
    <subfield code="4">0</subfield>
    <subfield code="7">0</subfield>
    <subfield code="8">REF</subfield>
    <subfield code="a">L</subfield>
    <subfield code="b">L</subfield>
    <subfield code="d">2021-09-07</subfield>
    <subfield code="e">DBAD/PUB</subfield>
    <subfield code="g">2950.00</subfield>
    <subfield code="l">0</subfield>
    <subfield code="o">343.54052 CHA</subfield>
    <subfield code="p">EN-113421</subfield>
    <subfield code="r">2021-09-07 00:00:00</subfield>
    <subfield code="t">1</subfield>
    <subfield code="v">2950.00</subfield>
    <subfield code="y">EN</subfield>
  </datafield>
  <datafield tag="952" ind1=" " ind2=" ">
    <subfield code="0">0</subfield>
    <subfield code="1">0</subfield>
    <subfield code="3">Vol.7</subfield>
    <subfield code="4">0</subfield>
    <subfield code="7">0</subfield>
    <subfield code="8">REF</subfield>
    <subfield code="a">L</subfield>
    <subfield code="b">L</subfield>
    <subfield code="d">2021-09-07</subfield>
    <subfield code="e">DBAD/PUB</subfield>
    <subfield code="g">2950.00</subfield>
    <subfield code="l">0</subfield>
    <subfield code="o">343.54052 CHA</subfield>
    <subfield code="p">EN-113422</subfield>
    <subfield code="r">2021-09-07 00:00:00</subfield>
    <subfield code="t">1</subfield>
    <subfield code="v">2950.00</subfield>
    <subfield code="y">EN</subfield>
  </datafield>
  <datafield tag="952" ind1=" " ind2=" ">
    <subfield code="0">0</subfield>
    <subfield code="1">0</subfield>
    <subfield code="3">vol.8</subfield>
    <subfield code="4">0</subfield>
    <subfield code="7">0</subfield>
    <subfield code="8">REF</subfield>
    <subfield code="a">L</subfield>
    <subfield code="b">L</subfield>
    <subfield code="d">2021-09-07</subfield>
    <subfield code="e">DBAD/PUB</subfield>
    <subfield code="g">2950.00</subfield>
    <subfield code="l">0</subfield>
    <subfield code="o">343.54052 CHA</subfield>
    <subfield code="p">EN-113423</subfield>
    <subfield code="r">2021-09-07 00:00:00</subfield>
    <subfield code="t">1</subfield>
    <subfield code="v">2950.00</subfield>
    <subfield code="y">EN</subfield>
  </datafield>
  <datafield tag="952" ind1=" " ind2=" ">
    <subfield code="0">0</subfield>
    <subfield code="1">0</subfield>
    <subfield code="3">vol.9</subfield>
    <subfield code="4">0</subfield>
    <subfield code="7">0</subfield>
    <subfield code="8">REF</subfield>
    <subfield code="a">L</subfield>
    <subfield code="b">L</subfield>
    <subfield code="d">2021-09-07</subfield>
    <subfield code="e">DBAD/PUB</subfield>
    <subfield code="g">2950.00</subfield>
    <subfield code="l">0</subfield>
    <subfield code="o">343.54052 CHA</subfield>
    <subfield code="p">EN-113424</subfield>
    <subfield code="r">2021-09-07 00:00:00</subfield>
    <subfield code="t">1</subfield>
    <subfield code="v">2950.00</subfield>
    <subfield code="y">EN</subfield>
  </datafield>
  <datafield tag="952" ind1=" " ind2=" ">
    <subfield code="0">0</subfield>
    <subfield code="1">0</subfield>
    <subfield code="3">Vol.10</subfield>
    <subfield code="4">0</subfield>
    <subfield code="7">0</subfield>
    <subfield code="8">REF</subfield>
    <subfield code="a">L</subfield>
    <subfield code="b">L</subfield>
    <subfield code="d">2021-09-07</subfield>
    <subfield code="e">DBAD/PUB</subfield>
    <subfield code="g">2950.00</subfield>
    <subfield code="l">0</subfield>
    <subfield code="o">343.54052 CHA</subfield>
    <subfield code="p">EN-113425</subfield>
    <subfield code="r">2021-09-07 00:00:00</subfield>
    <subfield code="t">1</subfield>
    <subfield code="v">2950.00</subfield>
    <subfield code="y">EN</subfield>
  </datafield>
</record>
